000 00328nam a2200133Ia 4500
005 20251222141926.0
008 251222s9999||||xx |||||||||||||| ||spa||
020 _a968-15-0126-8
082 _a869.14/R68
100 _aRiva Palacio, Vicente
245 0 _aCuentos del General
264 _bEditores Mexicanos Unidos
942 _cLIB
999 _c8880
_d8880